000 00313nam a22001337a 4500
008 170511b xxu||||| |||| 00| 0 eng d
020 _a9780534615420
041 _aeng
080 _a343.9
100 _a15
101 _ashj
245 _aCOMPARATIVE CRIMINAL JUSTICE SYSTEMS
_cDAMMER.H.R
942 _2udc
_cBK
999 _c13154
_d13154